000 00626nam a2200229Ia 4500
003 OSt
005 20221006164851.0
006 a|||||r|||| 00| 0
007 ta
008 221006b |||||||| |||| 00| 0 hin d
024 _a6,553
037 _cTextual
040 _aFML
_cFML
_bhin
041 _2hin
_ahin
082 _aNRw2,N, P8
100 _aSingh Gajendranarayan Au.
_9678533
245 0 _aSureele Logo Ki Sangat
260 _aDelhi
_bKanishka Publishers, Distributor India
_c2008
300 _a285
_ccm.
942 _hNRw2,N, P8
_cTEXL
_2CC
999 _c1118759
_d1118759